[Event "Toronto-ch (Women)"]
[Site "Toronto"]
[Date "2010.12.07"]
[Round "5"]
[White "Orlova, Yelizaveta"]
[Black "Liu, Jiaxin"]
[Result "1-0"]
[WhiteElo "2045"]
[BlackElo "1414"]
[PlyCount "77"]
[EventDate "2010.11.15"]
[EventType "tourn"]
[EventRounds "5"]
[EventCountry "CAN"]
[SourceTitle "EXT 2022"]
[Source "ChessBase"]
[SourceDate "2021.10.06"]
[SourceVersion "1"]
[SourceVersionDate "2021.10.06"]
[SourceQuality "1"]

1. Nf3 c5 2. g3 Nc6 3. Bg2 d6 4. 0-0 Nf6 5. b3 e5 6. d3 Be7 7. Bb2 0-0 8. Nbd2 h6 9. c4 Be6 10. e3 Qd7 11. Qe2 Bh3 12. Rfd1 Bxg2 13. Kxg2 Qf5 14. Ne1 Rad8 15. a3 Rfe8 16. b4 Bf8 17. b5 Ne7 18. e4 Qe6 19. Nf1 Qg4 20. f3 Qg6 21. Ne3 Nh5 22. Kh1 Qe6 23. Qf1 g5 24. N1c2 Bg7 25. a4 a6 26. Bc3 Rb8 27. Rdb1 Rf8 28. Nd5 Nxd5 29. cxd5 Qg6 30. Ne3 Rfd8 31. Nf5 Qf6 32. Qh3 Nxg3+ 33. hxg3 Kh7 34. Ra2 Rh8 35. Rab2 axb5 36. Rxb5 Ra8 37. Rxb7 Rxa4 38. R1b6 Rd8 39. Qh5 1-0